000 00346 a2200133 4500
082 _a355.33041
090 _c6894
_d6894
100 _aAubrey S. Newman
245 _aWhat are generals made of?
_cAubrey S. Newman
260 _aNovato
_bPresido Press
_c1987
300 _avii, 314p.
_bill.:
_c27cm.
650 _aLeadership
942 _cBK
_k355.33041 NEW
999 _c10715
_d10715